000 01133cam a2200133 4500500
005 20260329023140.0
041 _afre
042 _adc
100 1 0 _aDekens, Olivier
_eauthor
245 0 0 _aLe structuralisme
260 _bArmand Colin,
_c2015.
520 _aLe structuralisme aura été l’un des courants majeurs de la vie intellectuelle du 20e siècle.Ce mouvement, dont la période de productivité s’étend entre le milieu des années 1950 et celui des années 1970, se caractérise par une thèse et une conviction. La thèse : le langage est un système dont le fonctionnement est basé sur des relations identifiables et stabilisées entre des éléments de base en nombre fini. Une conviction : cette découverte de la linguistique peut être étendue à la totalité des produits de la culture, et même au-delà, à la totalité des phénomènes humains.L’auteur définit dans cet ouvrage la nouvelle visée critique, scientifique et enfin peut-être aussi éthique apportées par le structuralisme.
856 4 1 _uhttps://shs.cairn.info/le-structuralisme--9782200600853?lang=fr&redirect-ssocas=7080
999 _c1925090
_d1925090